<?xml version="1.0" encoding="UTF-8"?>
<collection xmlns="http://www.loc.gov/MARC21/slim">
  <record>
    <leader>00000nam  2200000   4500</leader>
    <controlfield tag="001">INLIS000000000020789</controlfield>
    <controlfield tag="005">20250808041935</controlfield>
    <datafield tag="035" ind1="#" ind2="#">
      <subfield code="a">0010-0825000067</subfield>
    </datafield>
    <controlfield tag="007">ta</controlfield>
    <controlfield tag="008">250808################g##########0#eng##</controlfield>
    <datafield tag="020" ind1="#" ind2="#">
      <subfield code="a">0 442 20350 0</subfield>
    </datafield>
    <datafield tag="082" ind1="#" ind2="#">
      <subfield code="a">371.3</subfield>
    </datafield>
    <datafield tag="084" ind1="#" ind2="#">
      <subfield code="a">371.3 AND s</subfield>
    </datafield>
    <datafield tag="100" ind1=" " ind2="#">
      <subfield code="a">Anderson, Ronald H.</subfield>
    </datafield>
    <datafield tag="245" ind1="1" ind2="#">
      <subfield code="a">Selecting and Developing Media for Instruction /</subfield>
      <subfield code="c">Ronald H. Anderson</subfield>
    </datafield>
    <datafield tag="260" ind1="#" ind2="#">
      <subfield code="a">New York :</subfield>
      <subfield code="b">Van Nostrand Reinhold,</subfield>
      <subfield code="c">1976</subfield>
    </datafield>
    <datafield tag="300" ind1="#" ind2="#">
      <subfield code="a">x, 138 halaman :</subfield>
      <subfield code="b">ilus ;</subfield>
      <subfield code="c">26 cm</subfield>
    </datafield>
    <datafield tag="650" ind1="#" ind2="4">
      <subfield code="a">Educational Technology</subfield>
    </datafield>
    <datafield tag="990" ind1="#" ind2="#">
      <subfield code="a">15234</subfield>
    </datafield>
  </record>
</collection>
